Technologies de fiction - Statistiques

Statistiques générales
  • Ce quiz a été pris 40 fois
  • Le résultat moyen est 17 sur 50
Statistiques - réponses
Technologie de fiction Univers % Correct
Pokédex Pokémon
100%
Sabre laser Star Wars
97%
Yo-kai Watch Yo-kai Watch
75%
Escargophone One Piece
72%
Evangelion Neon Genesis Evangelion
69%
Tablette Sheikah The Legend of Zelda
69%
Animus Assassin's Creed
67%
Equipement tridimensionnel L'Attaque des Titans
67%
Baymax Les Nouveaux Héros
64%
Disque de duel Yu-Gi-Oh!
58%
Convecteur temporel Retour vers le futur
56%
TARDIS Doctor Who
53%
Gastomobile Gaston Lagaffe
50%
Déluminateur Harry Potter
50%
Omnitrix Ben 10
44%
Bleuvage Fortnite
44%
Capsule Hoi-Poi Dragon Ball
42%
Pistogel Moi, Moche et Méchant
42%
Digivice Digimon
39%
Hextech League of Legends
39%
Skynet Terminator
39%
Observatoire de la comète Mario
36%
Ectoblast Luigi's Mansion
33%
Réplicant Blade Runner
31%
Overbike Code Lyoko
31%
Lacrima de vision Fairy Tail
31%
Oasis Ready Player One
28%
Death Egg Sonic The Hedgehog
28%
Energie spirale Beyblade
25%
Mod soul Bleach
25%
Neurolaser Men in Black
25%
Labyrinthe de Dédale Percy Jackson
25%
Eliacube Wakfu
25%
Danse sensorielle Cyberpunk 2077
22%
Aléthiomètre A la croisée des mondes
19%
(L')Arc et la Flèche Jojo's Bizarre Adventure
17%
Jaeger Pacific Rim
14%
Auto-Doc Fallout
11%
Eclablaster Splatoon
11%
AmuSphere Sword Art Online
11%
Thirium 310 Detroit Become Human
8%
Medusa Dr.Stone
8%
Omniaque Overwatch
8%
Crystaphone Les Légendaires
6%
Gobestoppeur Charlie et la Chocolaterie
3%
Holophonor Futurama
3%
Chaîne de Mille Lieues Jujutsu Kaisen
3%
Psymech Ghost in the Shell
0%
Craccordéon Magical Doremi
0%
Métomol Spirou & Fantasio
0%
Aucun quiz correspondant
Distribution des résultats
% des personnes avec chaque résultat
Percentile par nombre de réponses
Votre historique - résultats
Vous n’avez pas pris ce quiz